Телеграфирование без проводов

Dades bibliogràfiques
Autor principal: Юхницкий Ф. Я. Фаддей Яковлевич
Sumari:Составил применительно к программе Курса Военной Электротехнической школы, постоянного состава школы, Капитан Ф. Я. Юхницкий.
Доп. тит. лист.
На шмуцтитуле: Телеграфирование без проводов.
Печатано по распоряжению Начальника Военной Электротехнической Школы.
Типо-литография "Энергия".
Idioma:rus
Publicat: Санкт-Петербург, Издание К. Л. Риккера, 1904
Matèries:
Format: MixedMaterials Llibre
KOHA link:https://koha.lib.tpu.ru/cgi-bin/koha/opac-detail.pl?biblionumber=297427

MARC

LEADER 00000nam0a2200000 4500
001 297427
005 20231102001015.0
035 |a (RuTPU)RU\TPU\book\322560 
090 |a 297427 
100 |a 20150608d1904 m y0rusy50 ca 
101 0 |a rus 
102 |a RU 
105 |a a j 001zy 
200 1 |a Телеграфирование без проводов  |f Ф. Я. Юхницкий 
210 |a Санкт-Петербург  |c Издание К. Л. Риккера  |d 1904 
215 |a 199 с.  |c с 131 рисунками в тексте 
300 |a Составил применительно к программе Курса Военной Электротехнической школы, постоянного состава школы, Капитан Ф. Я. Юхницкий. 
300 |a Доп. тит. лист. 
300 |a На шмуцтитуле: Телеграфирование без проводов. 
300 |a Печатано по распоряжению Начальника Военной Электротехнической Школы. 
300 |a Типо-литография "Энергия". 
320 |a Замеченные опечатки: с. 197-198. 
606 1 |a Беспроводные сети передачи информации  |2 stltpush  |3 (RuTPU)RU\TPU\subj\51883  |9 70386 
610 1 |a телеграфирование 
610 1 |a беспроводные сети 
610 1 |a передача данных 
610 1 |a передатчики 
610 1 |a электромагнитные волны 
610 1 |a электрические колебания 
610 1 |a приемные устройства 
610 1 |a передающие устройства 
610 1 |a учебные пособия 
610 1 |a коллекция русских учебников 
675 |a 681.327.8(075.8)  |v 4 
700 1 |a Юхницкий  |b Ф. Я.  |g Фаддей Яковлевич 
801 1 |a RU  |b 63413507  |c 20150608 
801 2 |a RU  |b 63413507  |c 20150616  |g RCR 
942 |c BK